<?xml version="1.0" encoding="UTF-8"?>
<record
    xmlns:xsi="http://www.w3.org/2001/XMLSchema-instance"
    xsi:schemaLocation="http://www.loc.gov/MARC21/slim http://www.loc.gov/standards/marcxml/schema/MARC21slim.xsd"
    xmlns="http://www.loc.gov/MARC21/slim">

  <leader>01214nam a22002777a 4500</leader>
  <controlfield tag="005">20260423165740.0</controlfield>
  <controlfield tag="008">260423b        |||||||| |||| 00| 0 eng d</controlfield>
  <datafield tag="020" ind1=" " ind2=" ">
    <subfield code="a">9789348002150</subfield>
  </datafield>
  <datafield tag="040" ind1=" " ind2=" ">
    <subfield code="c">AL</subfield>
  </datafield>
  <datafield tag="041" ind1=" " ind2=" ">
    <subfield code="a">eng</subfield>
  </datafield>
  <datafield tag="082" ind1=" " ind2=" ">
    <subfield code="a">347</subfield>
    <subfield code="b">TANC</subfield>
  </datafield>
  <datafield tag="100" ind1=" " ind2=" ">
    <subfield code="a">Tandon M P</subfield>
    <subfield code="9">262530</subfield>
  </datafield>
  <datafield tag="245" ind1=" " ind2=" ">
    <subfield code="a">Code of civil procedure 1908 Ed 31</subfield>
  </datafield>
  <datafield tag="250" ind1=" " ind2=" ">
    <subfield code="a">31</subfield>
  </datafield>
  <datafield tag="260" ind1=" " ind2=" ">
    <subfield code="a">Haryana</subfield>
    <subfield code="b">Allahabad Law Agency</subfield>
    <subfield code="c">2025</subfield>
  </datafield>
  <datafield tag="300" ind1=" " ind2=" ">
    <subfield code="a">lxviii,888p</subfield>
    <subfield code="b">PB</subfield>
    <subfield code="c">24x16cm</subfield>
  </datafield>
  <datafield tag="365" ind1=" " ind2=" ">
    <subfield code="2">Law</subfield>
    <subfield code="a">1343</subfield>
    <subfield code="b">&#x20B9;723.75</subfield>
    <subfield code="c">&#x20B9;</subfield>
    <subfield code="d">&#x20B9;965.00</subfield>
    <subfield code="e">25%</subfield>
  </datafield>
  <datafield tag="520" ind1=" " ind2=" ">
    <subfield code="a">Code of Civil Procedure, 1908 by M.P. Tandon &amp; S.K. Raghuvanshi, published by Allahabad Law Agency, is a comprehensive and authoritative guide for LLB &amp; LLM students, Judiciary aspirants, advocates, and competitive exam candidates. This book provides detailed coverage of the Civil Procedure Code (CPC), procedural stages of civil litigation, and judicial interpretations, making it ideal...</subfield>
  </datafield>
  <datafield tag="650" ind1=" " ind2=" ">
    <subfield code="a">Jurisdiction of the Courts</subfield>
    <subfield code="9">262521</subfield>
  </datafield>
  <datafield tag="650" ind1=" " ind2=" ">
    <subfield code="a">Res Sub Judice and Res Judicata</subfield>
    <subfield code="9">262522</subfield>
  </datafield>
  <datafield tag="650" ind1=" " ind2=" ">
    <subfield code="a">Supplemental Proceedings</subfield>
    <subfield code="9">262523</subfield>
  </datafield>
  <datafield tag="650" ind1=" " ind2=" ">
    <subfield code="a">Restitution</subfield>
    <subfield code="9">262524</subfield>
  </datafield>
  <datafield tag="650" ind1=" " ind2=" ">
    <subfield code="a">Civil Proceduce Amendment Act 2002</subfield>
    <subfield code="9">262527</subfield>
  </datafield>
  <datafield tag="700" ind1=" " ind2=" ">
    <subfield code="a">Raghuvanshi, S K</subfield>
    <subfield code="9">262525</subfield>
  </datafield>
  <datafield tag="942" ind1=" " ind2=" ">
    <subfield code="2">ddc</subfield>
    <subfield code="c">BK</subfield>
  </datafield>
  <datafield tag="999" ind1=" " ind2=" ">
    <subfield code="c">241340</subfield>
    <subfield code="d">241340</subfield>
  </datafield>
  <datafield tag="952" ind1=" " ind2=" ">
    <subfield code="0">0</subfield>
    <subfield code="1">0</subfield>
    <subfield code="2">ddc</subfield>
    <subfield code="4">0</subfield>
    <subfield code="7">0</subfield>
    <subfield code="8">Law</subfield>
    <subfield code="a">LL</subfield>
    <subfield code="b">LL</subfield>
    <subfield code="d">2026-04-16</subfield>
    <subfield code="e">MPP House Bengaluru-560009</subfield>
    <subfield code="g">723.75</subfield>
    <subfield code="l">0</subfield>
    <subfield code="o">347 TANC</subfield>
    <subfield code="p">LL002568</subfield>
    <subfield code="r">2026-04-23 16:41:53</subfield>
    <subfield code="v">965.00</subfield>
    <subfield code="w">2026-03-14</subfield>
    <subfield code="y">BK</subfield>
  </datafield>
  <datafield tag="952" ind1=" " ind2=" ">
    <subfield code="0">0</subfield>
    <subfield code="1">0</subfield>
    <subfield code="2">ddc</subfield>
    <subfield code="4">0</subfield>
    <subfield code="7">0</subfield>
    <subfield code="8">Law</subfield>
    <subfield code="a">LL</subfield>
    <subfield code="b">LL</subfield>
    <subfield code="d">2026-04-16</subfield>
    <subfield code="e">MPP House Bengaluru-560009</subfield>
    <subfield code="g">723.75</subfield>
    <subfield code="l">0</subfield>
    <subfield code="o">347 TANC</subfield>
    <subfield code="p">LL002569</subfield>
    <subfield code="r">2026-04-23 16:41:53</subfield>
    <subfield code="v">965.00</subfield>
    <subfield code="w">2026-03-14</subfield>
    <subfield code="y">BK</subfield>
  </datafield>
  <datafield tag="952" ind1=" " ind2=" ">
    <subfield code="0">0</subfield>
    <subfield code="1">0</subfield>
    <subfield code="2">ddc</subfield>
    <subfield code="4">0</subfield>
    <subfield code="7">0</subfield>
    <subfield code="8">Law</subfield>
    <subfield code="a">LL</subfield>
    <subfield code="b">LL</subfield>
    <subfield code="d">2026-04-16</subfield>
    <subfield code="e">MPP House Bengaluru-560009</subfield>
    <subfield code="g">723.75</subfield>
    <subfield code="l">1</subfield>
    <subfield code="o">347 TANC</subfield>
    <subfield code="p">LL002570</subfield>
    <subfield code="q">2026-06-25</subfield>
    <subfield code="r">2026-06-15 14:40:24</subfield>
    <subfield code="s">2026-06-15</subfield>
    <subfield code="v">965.00</subfield>
    <subfield code="w">2026-03-14</subfield>
    <subfield code="y">BK</subfield>
  </datafield>
</record>
